00387nam a22001337a 4500008004100000040005500041080001800096245002900114260003900143300001400182500001600196650001700212700002400229230515b |||||||| |||| 00| 0 eng d aNational Science LibrarycNational Science Library a551.46/48(05) aAdvances in hydroscience aNew York: bAcademic Press, c1965 axi, 288p. aVol. 2 1965 aHydroscience aChow, Ven Te (Ed.)